Greece : Request for Stand-By Arrangement.

Greek real GDP has declined by 2 percent in 2009, and indicators suggest that activity will weaken further in 2010. With the deteriorating fiscal results came downgrades of government bonds by rating agencies, and investors started backing out of Greek bonds, driving up their yields. Impaired loans...

Descripció completa

Dades bibliogràfiques
Autor corporatiu: International Monetary Fund
Format: Revista
Idioma:English
Publicat: Washington, D.C. : International Monetary Fund, 2010.
Col·lecció:IMF Staff Country Reports; Country Report ; No. 2010/111
Accés en línia:Full text available on IMF
LEADER 01601cas a2200241 a 4500
001 AALejournalIMF006449
008 230101c9999 xx r poo 0 0eng d
020 |c 5.00 USD 
020 |z 9781455206902 
022 |a 1934-7685 
040 |a BD-DhAAL  |c BD-DhAAL 
110 2 |a International Monetary Fund. 
245 1 0 |a Greece :   |b Request for Stand-By Arrangement. 
264 1 |a Washington, D.C. :  |b International Monetary Fund,  |c 2010. 
300 |a 1 online resource (80 pages) 
490 1 |a IMF Staff Country Reports 
500 |a <strong>Off-Campus Access:</strong> No User ID or Password Required 
500 |a <strong>On-Campus Access:</strong> No User ID or Password Required 
506 |a Electronic access restricted to authorized BRAC University faculty, staff and students 
520 3 |a Greek real GDP has declined by 2 percent in 2009, and indicators suggest that activity will weaken further in 2010. With the deteriorating fiscal results came downgrades of government bonds by rating agencies, and investors started backing out of Greek bonds, driving up their yields. Impaired loans are rising while borrowing costs in the interbank and wholesale markets have increased, putting pressure on bank profitability. The economy needs a strong and sustained adjustment program to correct fiscal imbalances and place debt on a downward path in the medium term. 
538 |a Mode of access: Internet 
830 0 |a IMF Staff Country Reports; Country Report ;  |v No. 2010/111 
856 4 0 |z Full text available on IMF  |u http://elibrary.imf.org/view/journals/002/2010/111/002.2010.issue-111-en.xml  |z IMF e-Library